Baile de disfraces: ensayos sobre viejos y nuevos actores en la sociedad militar y la sociedad civil de América Latina
Сохранить в:
| Главный автор: | |
|---|---|
| Формат: | Неизвестно |
| Опубликовано: |
San José:
FLACSO. Programa Costa Rica
|
| Предметы: | |
| Метки: |
Добавить метку
Нет меток, Требуется 1-ая метка записи!
|
MARC
| LEADER | 00000 a2200000 04500 | ||
|---|---|---|---|
| 001 | 11625 | ||
| 003 | |||
| 008 | 991231s d | ||
| 040 | |a CRAI/IIS |c CRAI/IIS | ||
| 090 | |a 140203 | ||
| 100 | |a Kruijt, Dirk | ||
| 245 | |a Baile de disfraces: ensayos sobre viejos y nuevos actores en la sociedad militar y la sociedad civil de América Latina | ||
| 260 | |a San José: |b FLACSO. Programa Costa Rica | ||
| 300 | |a 160 p. | ||
| 650 | |a ESTADO | ||
| 650 | |a TERRORISMO | ||
| 650 | |a FUERZAS ARMADAS | ||
| 650 | |a ACTIVIDAD MILITAR | ||
| 650 | |a DEMOCRACIA | ||
| 650 | |a POLITICA | ||
| 650 | |a CONFLICTOS POLITICOS | ||
| 650 | |a GRUPOS DE INTERESES | ||
| 999 | |c 6240 |d 6240 | ||
